LDR 00678naa#a2200181#i#450# 001 EN\RIOR\bibl\126380 005 20260629164744.1 011 ## _a2409-6024 100 ## _a20260530b2026####ek#y0engy0150####ca 102 ## _aRU 200 1# _aFEATURES OF LAND VALUATION IN THE LAND MANAGEMENT SYSTEM _eJournal article 210 1# _aMoscow _cPublishing Center RIOR _d2026 215 ## _a9 с. 608 ## _aJournal article _2local 675 ## _aРегиональная, территориальная экономическая политика, планирование и прогнозирование. 332.14 _z 700 #1 _aKomov _gNikolai Vasilyevich 700 #1 _aChan _gThanh Hung 856 4# _ariorpub.com _u